Statistics for 5 Largest Cities In The World (G-H-I)

Click here to take the quiz!

General Stats

  • This quiz has been taken 51 times
  • The average score is 9 of 15

Answer Stats

CountryPopulationCity% Correct
Turkey14,804,116Istanbul
98%
Vietnam3,467,331Ho Chi Minh
94%
China11,071,424Guangzhou
90%
Mexico1,495,182Guadalajara
84%
Turkey2,500,603Izmir
72%
Egypt2,443,203Giza
68%
India3,597,816Hyderabad
62%
Ecuador1,952,029Guayaquil
58%
China7,012,738Hong Kong
58%
China6,241,971Hangzhou
56%
South Korea2,628,000Incheon
52%
China5,878,939Harbin
46%
Nigeria3,565,108Ibadan
46%
India1,837,041Indore
34%
South Korea1,416,938Gwangju
24%

Score Distribution

Percentile by Number Answered

Percent of People with Each Score

Your Score History

You have not taken this quiz